000 01397nas a2200373 4500
001 BR8401343
003 BR-BrBNA
005 20231205085831.0
007 ta
008 230509b bl.|||p| |||| 00| 00por d
040 _aBR-BrBNA
_bpor
_cBiblioteca Nacional de Agricultura
041 _a(Pt)
072 _aL50; M40
100 1 _aAlbinati, R.C.B.
100 1 _aVeloso, J.A. de F.
100 1 _aAlbuquerque Filho, G.C. de
100 1 _aAlbinati, F.L.
100 1 _aMelado, R.W. de C.
245 1 _aTeores de calcio e fosforo nos ossos do esqueleto axial de tilapia do nilo (Sarotherodon niloticus)e carpa comum (Cyprinus carpio), em tanques adubados com esterco de aves e superfosfato triplo
246 1 _aCalcium and phosphorus rates in the axial skeleton bones of the Sarotherodon niloticus and cyprinus carpio kept in tanks fertilized with bird manure and triple superphosphate
650 _aTILAPIA NILOTICA
650 _aCARPA
650 _aANALISE QUIMICA
650 _aESTERCO DE GALINHA
650 _aSUPERFOSFATO TRIPLO
650 _aADUBACAO
650 _aPISCICULTURA CONSORCIADA
650 _aESQUELETO
650 _aCALCIO
650 _aFOSFORO
773 0 _tArquivo Brasileiro de Medicina Veterinaria e Zootecnia (Brazil)
_xISSN 0365-8384
_g(Oct 1983), v. 35(5) p. 709-714
_wBR8401343
909 _a202311
_bLúcia
_c55
_dLúcia Elande
942 _2AGRIS
_n0
_cANA
999 _c114152
_d114152